000 00299nam a22001337a 4500
008 170401b xxu||||| |||| 00| 0 eng d
020 _a0683071505
041 _aeng
080 _a617
100 _a8
101 _aSHM
245 _aORTHOPAEDICS IN PRIMARY CARE
_cTINKER, R.V
942 _2udc
_cBK
999 _c9379
_d9379